000 00326nam a2200109Ia 4500
008 171211s9999 xx 000 0 und d
245 _aDictionary of Natural Products, Supplement
245 _cJohn Buckingham
260 _c1994
650 _xEncyclopedia and Dictionary
856 _uhttp://down.ebook777.com/056/0412577801.pdf
999 _c350191
_d350191